|
|
|
|
| LEADER |
02185nam a22004214a 4500 |
| 001 |
EBC200161 |
| 003 |
MiAaPQ |
| 005 |
20200520144314.0 |
| 006 |
m o d | |
| 007 |
cr cn||||||||| |
| 008 |
031029s2004 enka sb 001 0 eng |
| 010 |
|
|
|z 2003023750
|
| 016 |
7 |
|
|z 010980070
|2 Uk
|
| 020 |
|
|
|z 0415287383 (hardback)
|
| 020 |
|
|
|z 0415287391 (pbk.)
|
| 035 |
|
|
|a (MiAaPQ)EBC200161
|
| 035 |
|
|
|a (Au-PeEL)EBL200161
|
| 035 |
|
|
|a (CaPaEBR)ebr10099010
|
| 035 |
|
|
|a (CaONFJC)MIL7715
|
| 035 |
|
|
|a (OCoLC)56558670
|
| 040 |
|
|
|a MiAaPQ
|c MiAaPQ
|d MiAaPQ
|
| 050 |
|
4 |
|a HD6490.O7
|b U54 2004
|
| 082 |
0 |
4 |
|a 331.87
|2 22
|
| 084 |
|
|
|a 85.63
|2 bcl
|
| 245 |
0 |
0 |
|a Union organization and activity
|h [electronic resource] /
|c edited by John Kelly and Paul Willman.
|
| 260 |
|
|
|a London ;
|a New York :
|b Routledge,
|c 2004.
|
| 300 |
|
|
|a xvi, 187 p. :
|b ill.
|
| 490 |
1 |
|
|a The future of trade unions in Britain ;
|v 2
|
| 504 |
|
|
|a Includes bibliographical references (p. [170]-179) and index.
|
| 505 |
0 |
|
|a Introduction / Paul Willman and John Kelly -- Union mobilization and employer counter-mobilization in the statutory recognition process / Sian Moore -- Union organizing / John Kelly and Vidu Badigannavar -- Equity and representation in the new economy / Diane Perrons -- Union structure / Paul Willman -- Public sector unionism in a restructured public sector: challenges and prospects / Stephen Bach and Rebecca Kolins Givan -- Labour-management partnership in the UK public sector / Vidu Badigannavar and John Kelly -- The end of the affair? the decline in employers propensity to unionize -- Alex Bryson, Rafael Gomez and Paul Willman -- Beyond new unionism -- Frances Ogrady and Paul Nowak.
|
| 533 |
|
|
|a Electronic reproduction. Ann Arbor, MI : ProQuest, 2015. Available via World Wide Web. Access may be limited to ProQuest affiliated libraries.
|
| 650 |
|
0 |
|a Labor unions
|x Organizing.
|
| 655 |
|
4 |
|a Electronic books.
|
| 700 |
1 |
|
|a Kelly, John.
|
| 700 |
1 |
|
|a Willman, Paul.
|
| 710 |
2 |
|
|a ProQuest (Firm)
|
| 830 |
|
0 |
|a Future of trade unions in Britain ;
|v 2.
|
| 856 |
4 |
0 |
|u https://ebookcentral.proquest.com/lib/matrademy/detail.action?docID=200161
|z Click to View
|